Click the Fictional Katherine Quiz Stats

 Plays Quiz not verified by Sporcle

Support Sporcle.
Go Orange.
Score 0/9 Timer 02:00
0 Plays Today
% Correct
Batwoman
96.4%
Kate Austen
96.2%
Katherine Pierce
87%
Kathy Thorn
85.6%
Hawkeye
84.6%
Katherine Mayfair
82.7%
Kate Warner
80.2%
Kate Beckett
75.8%
Kate Marsh
74.9%

You're not logged in!

Compare scores with friends on all Sporcle quizzes.
OR
Log In

From the Vault

Mississippi River Basin States

by kfastic

The Mississippi River pretty much just drains everywhere.
Remove Ads.
Support Sporcle.
Get the best of Sporcle when you Go Orange. This ad-free experience offers more features, more stats, and more fun while also helping to support Sporcle. Thank you for becoming a member.

Show Comments

Extras

Top Quizzes Today


Score Distribution

Your Account Isn't Verified!

In order to create a playlist on Sporcle, you need to verify the email address you used during registration. Go to your Sporcle Settings to finish the process.

Report this User

Report this user for behavior that violates our Community Guidelines.

Details: